000 00450 a2200145 4500
999 _c10302
_d10302
020 _a9780822339144
050 _aHQ76.25AHM 2006
100 _aAhmed, Sara
_d1969-
_eauthor
245 _aQueer phenomenology :
_borientations, objects, others /
_cSara Ahmed
264 _aDurham :
_bDuke University Press,
_c 2006
300 _a223 p. ; 24 cm
500 _aIncludes bibliography and index
650 _aHomosexuality
942 _2lcc
_cBK
_h76.25
_iAHM
_kHQ